000 00685nam a22002177a 4500
003 OSt
005 20190214182538.0
008 150605b xxu||||| |||| 00| 0 eng d
020 _a978-607-15-1144-7
040 _aDLC
_cBMC
082 _a658.152
100 1 _aSapag Chain, Nassir
_98561
245 1 0 _aPreparación y evaluación de proyectos
_cNassir Sapag Chain, Reinaldo Sapag Chain, José Manuel Sapag Puelma
250 _a6ª ed
260 _aMexico D.F. [etc.]
_bMcGraw-Hill
_c2014
300 _aIX, 354 p.
_bil.
_c27 cm
650 2 4 _aEvaluación de proyectos
_96014
700 1 0 _aSapag Chain, Reinaldo
_98562
700 1 0 _aSapag Puelma,Jose Manuel
_934883
942 _2ddc
_cBK
999 _c21310
_d21310